|
|
|
|
| LEADER |
00694nam a22002051a 4500 |
| 020 |
|
|
|a 9780767900713
|c 0.00
|
| 040 |
|
|
|a SSUS - Library - Kalady
|
| 082 |
|
|
|a 791.437
|b CHR/H
|
| 100 |
|
|
|a Christopher Keane
|
| 245 |
|
|
|a How to write a selling screenplay
|h [Text]
|
| 260 |
|
|
|a New York
|b Broadway Books
|c 1998
|
| 300 |
|
|
|a 308p.
|
| 500 |
|
|
|a Christopher Keane
|
| 600 |
|
|
|a Authorship Motion Pictures
|
| 600 |
|
|
|a Motion Pictures
|
| 600 |
|
|
|a Screen Play
|
| 852 |
|
|
|h 791.437
|i CHR/H
|p 034715
|9 670.00
|t 0
|
| 942 |
|
|
|c BK
|
| 999 |
|
|
|c 18688
|d 18688
|
| 952 |
|
|
|0 0
|1 0
|4 0
|6 791_437000000000000_CHR_H
|7 0
|9 26386
|a SSUS
|b SSUS
|d 2015-01-08
|g 670.00
|l 1
|o 791.437 CHR/H
|p 034715
|r 2016-11-05
|s 2016-08-08
|v 0.00
|w 2015-01-08
|y BK
|